000 00543nam a22001817a 4500
005 20251108172020.0
008 250721s1978 xx 000 0 ara d
082 1 4 _a811.0609/عاط
100 1 _aنصر، عاطف جودة
245 1 0 _aالرمو الشعري عند الصوفية /
264 1 _aبيروت :
_bدار الكندي ، دار الأندلس،
_c1978.
300 _a528ص
650 1 7 _aالشعر الديني
650 1 7 _aتاريخ و نقد
650 1 7 _aشعر التصوف
942 _2ddc
_cBK
999 _c68323
_d68323